| 000 | 00402nam a2200157Ia 4500 | ||
|---|---|---|---|
| 008 | 250916s9999 xx 000 0 und d | ||
| 020 | _a978-1-032-49803-4 | ||
| 082 | _a537.602855133 KOU | ||
| 100 | _aKouh, Taejoon | ||
| 245 | 0 | _aElectrodynamics tutorials with python simulations | |
| 250 | _a1st | ||
| 260 |
_aNew York: _bCRC Press, _c2024 |
||
| 300 | _a278 p. | ||
| 600 | _aPhysics | ||
| 942 | _cBK | ||
| 999 |
_c31567 _d31567 |
||